000
00275nam a22001337a 4500
008
180109b xxu||||| |||| 00| 0 eng d
020
_a
096335101
041
_a
eng
080
_a
574
100
_a
9
101
_a
MJE
245
_a
WATER RIGHT
_c
MARC.H.T
942
_2
udc
_c
BK
999
_c
39917
_d
39917